000 00490nam a2200133Ia 4500
008 100328s9999 xx 000 0 und d
082 _b13651
100 _aकानडे मु.श्री
245 _aमराठी रंगभूमिचा उष:काल
260 _bचिमण्या गणपती
630 _aमराठी रंगभूमिचा उष:काल
730 _aमराठी रंगभूमिचा उष:काल
942 _cBOOK
999 _c508704
_d508701